Регионална библиотека "Любен Каравелов" - Русе

Курс по обща социология (Запис номер 55691)

MARC детайли
000 -Лидер
Контролно поле с фиксирана дължина 01546nam a2200349 c 4500
003 - Код на организацията, давaща контролен номер
Контролно поле BLK
005 - Дата и час на последна редакция
Контролно поле 20180810102055.0
008 - Елементи от данни с фиксирана дължина
fixed length control field 180408b bul|||||r ||||||| ||bul||
010 ## - Наследен системен номер
LC control number KNG00059663000
020 ## - Международен стандартен номер на книга ISBN
Международен стандартен номер на книга ISBN 954-321-171-Х
-- издат.: Изток-Запад
040 ## - Източник на каталожния запис
Идентификатор на билиотеката - собственик на записа BLK
041 ## - Код за език
Код за езика на текст/звукозапис или на отделно заглавие Български
Код за езика КДБФ Български
080 ## - УДК
Текстов определител УДК Предмет, обхват и граници на социологията. Социологията като наука
УДК код - определител по УДК 316.1
УДК определител
УДК - код + определител 316.1
100 1# - Редна дума - Автор
Автор Тодоров, Христо Юрданов
Авторска отговорност първи автор
R(LIN) 286360
139 ## - Редно поле
Редна дума Тодоров, Христо Юрданов
Авторски знак Тодо - Т 64
245 10 - Сведения за заглавието
Заглавие Курс по обща социология
Редно поле (дума) Христо Юрданов Тодоров; състав. и предг. от Георги Фотев.
257 ## - Страна на издаване
Страна на създаване/издаване България
260 ## - Област на издателските данни
-- София
Име на издателя, разпространителя и проч. Изток-Запад
Година на издаване 2005
300 ## - Физическа характеристика
Страници 624 с.
Размери/Мащаб 22 см
380 ## - Жанр
Жанр Обществени науки
490 1# - СЕРИИ (Колекции)
Име на серия Социологическо наследство
№: серия 4
500 ## - Общи забележки
Забележка Кор. загл. Обща социология. - 1. изд. 1945 на Унив. изд. в Университетска библиотека ; № 302. - Офс. изд. - Библиогр. след отд. ч.
504 ## - Забележка за наличие на библиография и др
Забележка за наличие на библиография и под. след отд. ч.
650 #4 - Допълнително описание по предмет – тема
Основно описание – тема или топоним Социология
9 (RLIN) 171630
653 ## - Ключова дума – ненормативна
Ключова дума социология
700 1# - Други автори (авторска отговорност)
Лично име Фотев, Георги
Автороска отговорност (Описва отношението между автора и произведението) състав. и предг. от
9 (RLIN) 365831
852 ## - Местоположение
Форматна сигнатура Цб 227717
856 4# - Електронен адрес и достъп
Електронен формат pdf - файл
Път до файла /url/
856 4# - Електронен адрес и достъп
Електронен формат pdf - файл
Път до файла /url/
942 ## - АРТИКУЛИ
Вид на библиотечния материал Книги
Скрит в OPAC Не
Koha issues (borrowed), all copies 1
944 ## - СЪЗДАВАНЕ И РЕДАКЦИЯ на ЗАПИСА
Създаване/Редакция Създаване
Дата на регистрацията/редакция 30.05.2006
Служител, извършил регистрацията/редакцията Людмила_Стоянова
944 ## - СЪЗДАВАНЕ И РЕДАКЦИЯ на ЗАПИСА
Създаване/Редакция Редакция
Дата на регистрацията/редакция 10.05.2008
Служител, извършил регистрацията/редакцията
999 ## - СИСТЕМНИ КОНТРОЛНИ НОМЕРА
Koha biblionumber 55691
Koha biblioitemnumber 55691
Наличности
Код за отписване Код за изгубен артикул Източник на класификационната схема Код за повреда Коз за рестрикции Код за отдаване Артикулен № Име на библиотеката - собственик Име на библиотеката, в която се намира в момента Статус (Текущо местоположение) Дата на вписване в системата Местоположение - отдел Цена в лева Инвентарен номер Систематично азбучна сигнатура Баркод Номер на екземпляра Цена в евро Служебна бележка Служебен тип на артикула
  Не е изгубен Universal Decimal Classification Не е повреден само за читалня ползва се в читалня 87667 Регионална библиотека "Любен Каравелов" Русе Регионална библиотека "Любен Каравелов" Русе Читалня 2006-05-30 Читалня 18.00 120000702566 Ч 316/Т 64 120000702566 1 9.20 Дост: Pk Вид: Ф N: 41136 Дата: 29.05.2006 Дата инв: 22.03.2017 Бележки инв: Ч2017 Книги
Vip Innovations Ltd, Rousse, Bulgaria 2025